Statistics for Biggest City by Letter - Arizona

Click here to take the quiz!

General Stats

  • This quiz has been taken 14 times
  • The average score is 11 of 24

Answer Stats

LetterPopulationCity% Correct
P1,633,017Phoenix
100%
T541,482Tucson
100%
F72,402Flagstaff
92%
C252,692Chandler
85%
G247,813Glendale
85%
M499,720Mesa
85%
S250,602Scottsdale
85%
Y96,349Yuma
85%
L54,495Lake Havasu City
62%
K29,726Kingman
46%
A84,736Avondale
38%
B69,744Buckeye
38%
O44,630Oro Valley
31%
W9,476Winslow
31%
H5,037Holbrook
23%
N20,201Nogales
23%
Q43,129Queen Creek
23%
D29,568Drexel Heights
8%
E35,333El Mirage
8%
I478Icehouse Canyon
8%
J1,672Joseph City
8%
R19,581Rio Rico
8%
U124Utting
8%
V12,982Vail
8%

Score Distribution

Percentile by Number Answered

Percent of People with Each Score

Your Score History

You have not taken this quiz